Communicable disease control handbook (Record no. 28349)

MARC details
000 -LEADER
fixed length control field 00558nam a2200181Ia 4500
020 ## - INTERNATIONAL STANDARD BOOK NUMBER
ISBN 9781405124249
050 ## - CALL MARK
Classification number RC 112 .C626/
245 #0 - TITLE STATEMENT
Title Communicable disease control handbook
250 ## - EDITION / VOLUME STATEMENT
Edition / Volume statement 2nd. ed.
260 ## - PUBLICATION, DISTRIBUTION, ETC. (IMPRINT)
Place of publication Malden
260 ## - PUBLICATION, DISTRIBUTION, ETC. (IMPRINT)
Name of publisher Blackwell Pub.
260 ## - PUBLICATION, DISTRIBUTION, ETC. (IMPRINT)
Year of publication 2005
300 ## - PHYSICAL DESCRIPTION
Number of Pages 416 p
650 ## - SUBJECT ADDED ENTRY--TOPICAL TERM
Topical Term Communicable diseases--Handbooks, manuals, etc. Communicable diseases--Prevention--Handbooks, manuals, etc. Communicable Disease Control--Handbooks.
942 ## - ADDED ENTRY ELEMENTS (KOHA)
Koha item type Books
Holdings
Withdrawn status Lost status Source of classification or shelving scheme Damaged status Not for loan Permanent Location Current Location Date acquired Accession Number Price effective from Koha item type
    Library of Congress Classification     NILE UNIVERSITY OF NIGERIA - MAIN LIBRARY NILE UNIVERSITY OF NIGERIA - MAIN LIBRARY 04/23/2025 0004674 04/23/2025 Books